[Event "SR1418"]
[Site "SchemingMind.com"]
[Date "2005.07.14"]
[Round "-"]
[White "flamingarrow"]
[Black "cnbcad"]
[Result "1-0"]
[WhiteCountry "GBR"]
[BlackCountry "USA"]
[WhiteElo "1694"]
[WhiteRD "83"]
[BlackElo "1425"]
[BlackRD "52"]
[GameID "19639"]

1. e4 e5 2. Nf3 Nc6 3. Bc4 d6 4. h3 Be7 5. c3 Nf6 6. d3 O-O 7. Bb3 Bd7 8. O-O a5 9. Bg5 b5 10. Bc2 b4
11. Re1 Qb8 12. d4 bxc3 13. bxc3 exd4 14. cxd4 Qb2 15. e5 dxe5 16. dxe5 Qxa1 17. exf6 Bxf6 18. Bxf6 Qxf6 19. Qxd7 Rad8 20. Qxc7 Nd4
21. Nxd4 Qxd4 22. Qxa5 Rd6 23. Bb3 Rf6 24. Qd2 Qc5 25. Qe2 h6 26. Nd2 Qc6 27. Nf3 Re8 28. Qxe8+ Qxe8 29. Rxe8+ Kh7 30. Re7
1-0

[Event "SR1418"]
[Site "SchemingMind.com"]
[Date "2005.07.13"]
[Round "-"]
[White "cnbcad"]
[Black "flamingarrow"]
[Result "0-1"]
[WhiteCountry "USA"]
[BlackCountry "GBR"]
[WhiteElo "1425"]
[WhiteRD "52"]
[BlackElo "1694"]
[BlackRD "83"]
[GameID "19640"]

1. e4 c5 2. Bc4 d6 3. Nf3 e6 4. Nc3 Nf6 5. O-O a6 6. a4 Qc7 7. Re1 Nc6 8. d3 Be7 9. Bg5 b6 10. b3 h6
11. Bxf6 Bxf6 12. Qd2 Bb7 13. Rab1 O-O 14. Ne2 Rad8 15. h3 d5 16. exd5 exd5 17. Bxd5 Rxd5 18. c4 Rdd8 19. Nf4 Nb4 20. d4 Bxf3
21. Qe3 Bb7 22. d5 Nc2 23. Qg3 Nxe1 24. Rxe1 Rde8 25. Rd1 Be5 26. d6 Bxd6
0-1

[Event "SR1418"]
[Site "SchemingMind.com"]
[Date "2005.07.18"]
[Round "-"]
[White "Zarra"]
[Black "cnbcad"]
[Result "1-0"]
[WhiteCountry "FIN"]
[BlackCountry "USA"]
[WhiteElo "1523"]
[WhiteRD "96"]
[BlackElo "1465"]
[BlackRD "53"]
[GameID "19970"]

1. e4 e5 2. Nf3 Nc6 3. Bb5 Nf6 4. O-O Be7 5. Re1 O-O 6. c3 a6 7. Ba4 b5 8. Bb3 Bc5 9. d4 exd4 10. cxd4 Bb4
11. Nc3 Qe8 12. Bc2 d5 13. exd5 Ne7 14. Qd3 Bf5 15. Qxf5 Nxf5 16. Rxe8 Rfxe8 17. Bxf5 Rad8 18. Bg5 Bxc3 19. bxc3 Re2 20. Kf1 Rde8
21. Ne5 R2xe5 22. dxe5 Nxd5 23. Re1 g6 24. e6 gxf5 25. exf7+ Kxf7 26. Rxe8 Nxc3 27. Rc8 Nxa2 28. Rxc7+ Kg6 29. Bc1 a5 30. Rc5 a4
31. Rc6+ Kf7 32. Ke2 Nb4 33. Rc5 Na2 34. Bb2 b4 35. Rxf5+ Kg6 36. Ra5 a3 37. Bxa3 bxa3 38. Rxa3 Nb4 39. Rg3+ Kf5 40. Ke3 Nd5+
41. Kd4 Nb4 42. Rf3+ Kg5 43. Ke4 Nc2 44. Rg3+ Kf6 45. Kd5 Nb4+ 46. Kd6 h5 47. Rf3+ Kg7 48. Ke6 Nc2 49. Ke7 Nd4 50. Rg3+ Kh7
51. Kf6 Ne2 52. Rg7+ Kh8= 53. Re7 Nf4 54. Rd7 Nxg2 55. Kg6 Nf4+ 56. Kg5 Nh3+ 57. Kxh5 Nxf2= 58. Kg6 Ng4 59. Rd8#
1-0

[Event "SR1418"]
[Site "SchemingMind.com"]
[Date "2005.07.18"]
[Round "-"]
[White "Zarra"]
[Black "flamingarrow"]
[Result "0-1"]
[WhiteCountry "FIN"]
[BlackCountry "GBR"]
[WhiteElo "1534"]
[WhiteRD "124"]
[BlackElo "1694"]
[BlackRD "83"]
[GameID "19971"]

1. e4 c5 2. Nf3 d6 3. d4 cxd4 4. Nxd4 Nf6 5. Nc3 a6 6. f3 e6 7. Be3 Be7 8. Qd2 b5 9. g4 Bb7 10. O-O-O Nc6
11. Nxc6 Bxc6 12. a3 Rc8 13. h4 Qa5 14. g5 Nd7 15. f4 b4 16. Nb1 Bxe4 17. Bd3 Bxh1 18. Rxh1 d5 19. h5 Nc5 20. Bxc5 Bxc5
21. f5 Qb6 22. f6 Be3
0-1

[Event "SR1418"]
[Site "SchemingMind.com"]
[Date "2005.07.18"]
[Round "-"]
[White "cnbcad"]
[Black "Zarra"]
[Result "0-1"]
[WhiteCountry "USA"]
[BlackCountry "FIN"]
[WhiteElo "1476"]
[WhiteRD "55"]
[BlackElo "1702"]
[BlackRD "200"]
[GameID "19972"]

1. e4 e5 2. Nf3 Nc6 3. Bc4 Nf6 4. Ng5 Bc5 5. Nxf7 Bxf2+ 6. Kf1 Qe7 7. Nxh8 d5 8. exd5 Nd4 9. d6 cxd6 10. Bf7+ Kf8
11. c3 Bg4 12. Qa4 Be2+ 13. Kxf2 Ng4+ 14. Ke1 Qf6 15. d3 Qf2+ 16. Kd2 Bf3#
0-1

[Event "SR1418"]
[Site "SchemingMind.com"]
[Date "2005.07.18"]
[Round "-"]
[White "flamingarrow"]
[Black "Zarra"]
[Result "1-0"]
[WhiteCountry "GBR"]
[BlackCountry "FIN"]
[WhiteElo "1694"]
[WhiteRD "83"]
[BlackElo "1534"]
[BlackRD "124"]
[GameID "19973"]

1. e4 c5 2. Nf3 d6 3. d4 cxd4 4. Nxd4 Nf6 5. Nc3 a6 6. Be2 e5 7. Nb3 Be7 8. O-O O-O 9. Bg5 Be6 10. Bxf6 Bxf6
11. Nd5 Nd7 12. c4 Re8 13. f3 Rc8 14. Rc1 Bg5 15. Rc2 f5 16. exf5 Bxf5 17. Rc3 Nc5 18. Nxc5 Rxc5 19. b4 Rxd5 20. Qxd5+ Re6
21. c5 Bh4 22. Bc4 Qg5 23. f4 exf4 24. Qxd6
1-0

[Event "SR1418"]
[Site "SchemingMind.com"]
[Date "2005.07.19"]
[Round "-"]
[White "annis"]
[Black "cnbcad"]
[Result "1-0"]
[WhiteCountry "USA"]
[BlackCountry "USA"]
[WhiteElo "1807"]
[WhiteRD "84"]
[BlackElo "1465"]
[BlackRD "53"]
[GameID "20024"]

1. e4 e5 2. Bc4 Nf6 3. d3 c6 4. Nf3 Bc5 5. Nxe5 O-O 6. Nc3 d6 7. Nf3 d5 8. Bb3 Re8 9. Bg5 d4 10. Ne2 h6
11. Bh4 Bg4 12. Ng3 Bb4+ 13. c3 dxc3 14. O-O Bxf3 15. gxf3 cxb2 16. Rb1 Ba3 17. f4 Nbd7 18. e5 Nxe5 19. fxe5 Rxe5 20. Ne4 g5
21. Bg3 Re8 22. f4 Qb6+ 23. Kg2 Nd5 24. Bxd5 cxd5 25. Nd2 gxf4 26. Rxf4 d4 27. Ne4 Kh8 28. Rg4 Rac8 29. Qa4 Rc1 30. Qxe8+
1-0

[Event "SR1418"]
[Site "SchemingMind.com"]
[Date "2005.07.19"]
[Round "-"]
[White "annis"]
[Black "Zarra"]
[Result "0-1"]
[WhiteCountry "USA"]
[BlackCountry "FIN"]
[WhiteElo "1785"]
[WhiteRD "78"]
[BlackElo "1592"]
[BlackRD "93"]
[GameID "20025"]

1. e4 c5 2. Nc3 Nc6 3. g3 g6 4. Bg2 Bg7 5. d3 d6 6. Be3 e6 7. Qd2 Nge7 8. Bh6 O-O 9. h4 Bxh6 10. Qxh6 Kh8
11. Qd2 Ng8 12. f4 Nf6 13. Nf3 Rb8 14. Bh3 b5 15. f5 Bd7 16. Qh6 exf5 17. h5 fxe4 18. hxg6 fxg6 19. Ng5 Bxh3 20. Qxh3 Qe7
21. O-O-O exd3 22. Rxd3 Rb7 23. Rd2 Ne5 24. Nce4 Nxe4 25. Nxe4 Nc4 26. Re2 Qe5 27. c3 d5 28. b3 dxe4 29. bxc4 bxc4 30. g4 Rfb8
31. Qh2 Qxc3+ 32. Rc2 Rb1#
0-1

[Event "SR1418"]
[Site "SchemingMind.com"]
[Date "2005.07.19"]
[Round "-"]
[White "annis"]
[Black "flamingarrow"]
[Result "0-1"]
[WhiteCountry "USA"]
[BlackCountry "GBR"]
[WhiteElo "1764"]
[WhiteRD "76"]
[BlackElo "1759"]
[BlackRD "75"]
[GameID "20026"]

1. e4 c5 2. Nc3 d6 3. g3 e6 4. Bg2 Nf6 5. d3 Be7 6. f4 a6 7. Nf3 Qc7 8. O-O Nc6 9. Qe2 O-O 10. Nd1 Rb8
11. Nf2 b5 12. g4 Bb7 13. g5 Nh5 14. Nh4 g6 15. Nf3 Nd4 16. Qd2 f5 17. gxf6 Bxf6 18. c3 Nxf3+ 19. Bxf3 Rbd8 20. Bxh5 gxh5
21. Qe2 Qf7 22. Be3 Kh8 23. Nh3 Rg8+ 24. Kh1 Rg7 25. Ng5 Bxg5 26. fxg5 Qc7 27. Bf4 e5 28. Be3 c4 29. Bd2 cxd3 30. Qxd3 d5
31. Qh3 dxe4 32. Be3 Rdg8 33. Rg1 Qe7 34. Qxh5 Bd5 35. Rg3 b4 36. cxb4 Bf7 37. Qe2 Qxb4 38. b3 a5 39. Rc1 a4 40. Bd2 Qd6
41. bxa4 Bxa2 42. Ra1 e3 43. Bxe3 Bd5+ 44. Kg1 Qc7 45. a5 Ra8 46. Qd2 Qb7 47. a6 Qc6 48. a7 Qe6 49. Qb2 Rb7 50. Qc2 Rg7
51. Qd2 Bb7 52. Rc1 Qf5 53. Qa5 Qe4 54. Kf2 Rf7+ 55. Ke2 Raf8 56. Kd2 Rd7+ 57. Kc3 Rd3+ 58. Kb2 Rxe3 59. Rxe3 Qxe3 60. Rc7 Rf2+
61. Rc2 Qd4+ 62. Qc3 Rxc2+ 63. Kxc2 Qxc3+ 64. Kxc3 Kg7 65. Kd3 e4+ 66. Kd4 Kg6 67. Ke3 Kxg5 68. Kf2 h5 69. Ke3 Kh4 70. Kf2 Kh3
71. Kg1 e3 72. Kf1 Kxh2 73. Ke2 Kg2 74. Kxe3 h4
0-1

[Event "SR1418"]
[Site "SchemingMind.com"]
[Date "2005.07.19"]
[Round "-"]
[White "cnbcad"]
[Black "annis"]
[Result "0-1"]
[WhiteCountry "USA"]
[BlackCountry "USA"]
[WhiteElo "1465"]
[WhiteRD "53"]
[BlackElo "1807"]
[BlackRD "84"]
[GameID "20027"]

1. d4 Nf6 2. Nc3 g6 3. e4 d6 4. Bc4 Bg7 5. Nf3 h6 6. e5 Nh5 7. Nh4 e6 8. Nf3 d5 9. Bd3 Nd7 10. O-O b6
11. Bb5 c5 12. Bc6 Rb8 13. Nb5 O-O 14. Nd6 Qc7 15. Bxd7 Bxd7 16. Be3 cxd4 17. Qxd4 f6 18. exf6 Bxf6 19. Qd3 Kg7 20. Nb5 Qd8
21. g4 Rg8 22. gxh5 Bc6 23. Qxg6+ Kf8 24. Bxh6+ Ke7 25. Kh1 Rxg6 26. Nbd4 Bb7 27. Bd2 Rg7 28. Nb3 Qc7 29. Nfd4 Rbg8 30. Nf3 d4
31. Bb4+ Ke8 32. Nxd4 Bxd4 33. c3 Bxf3#
0-1

[Event "SR1418"]
[Site "SchemingMind.com"]
[Date "2005.07.19"]
[Round "-"]
[White "Zarra"]
[Black "annis"]
[Result "0-1"]
[WhiteCountry "FIN"]
[BlackCountry "USA"]
[WhiteElo "1523"]
[WhiteRD "96"]
[BlackElo "1807"]
[BlackRD "84"]
[GameID "20028"]

1. e4 Nf6 2. e5 Nd5 3. d4 d6 4. c4 Nb6 5. exd6 cxd6 6. Nf3 g6 7. Be3 Bg7 8. Qd2 O-O 9. Bh6 e5 10. Nc3 Nc6
11. Bxg7 Kxg7 12. h4 h5 13. Be2 Bg4 14. d5 Nd4 15. Nxd4 exd4 16. Qxd4+ Kg8 17. Bxg4 hxg4 18. Qxg4 Re8+ 19. Kf1 Rc8 20. h5 Rxc4
21. Qh3 g5 22. Nb5 Rh4
0-1

[Event "SR1418"]
[Site "SchemingMind.com"]
[Date "2005.07.19"]
[Round "-"]
[White "flamingarrow"]
[Black "annis"]
[Result "0-1"]
[WhiteCountry "GBR"]
[BlackCountry "USA"]
[WhiteElo "1633"]
[WhiteRD "78"]
[BlackElo "1807"]
[BlackRD "84"]
[GameID "20029"]

1. e4 Nf6 2. e5 Nd5 3. d4 d6 4. Nf3 dxe5 5. dxe5 Bg4 6. Be2 e6 7. O-O Nd7 8. Bg5 Be7 9. Bxe7 Qxe7 10. h3 Bh5
11. Re1 O-O-O 12. Qd4 N7b6 13. Nc3 Nb4 14. Qh4 Qxh4 15. Nxh4 Bg6 16. Nxg6 hxg6 17. Rec1 f5 18. a3 Nc6 19. f4 Rh4 20. Rf1 g5
21. fxg5 Nxe5 22. Rad1 a6 23. Rxd8+ Kxd8 24. Rd1+ Kc8 25. Re1 Nf7 26. Bd3 Nxg5 27. Ne2 Na4 28. Rb1 Nc5 29. Bc4 Rxc4 30. c3 e5
31. Ng3 g6 32. Nf1 Rh4 33. Ne3 c6 34. Rd1 Kc7 35. Nc4 Rxc4
0-1

[Event "SR1418"]
[Site "SchemingMind.com"]
[Date "2005.07.21"]
[Round "-"]
[White "mlazar"]
[Black "cnbcad"]
[Result "1-0"]
[WhiteCountry "USA"]
[BlackCountry "USA"]
[WhiteElo "1512"]
[WhiteRD "99"]
[BlackElo "1476"]
[BlackRD "55"]
[GameID "20185"]

1. e4 e5 2. Nf3 Nc6 3. d4 Nf6 4. dxe5 Nxe4 5. Nbd2 Nxd2 6. Qxd2 a5 7. Bb5 Bb4 8. c3 Bc5 9. Bxc6 bxc6 10. O-O O-O
11. Re1 d6 12. exd6 Bxd6 13. Ne5 Qh4 14. Nf3 Qh5 15. b3 Bg4 16. Qe3 Bxh2+ 17. Nxh2 Rfe8 18. Qxe8+ Rxe8 19. Rxe8#
1-0

[Event "SR1418"]
[Site "SchemingMind.com"]
[Date "2005.07.21"]
[Round "-"]
[White "mlazar"]
[Black "annis"]
[Result "0-1"]
[WhiteCountry "USA"]
[BlackCountry "USA"]
[WhiteElo "1682"]
[WhiteRD "78"]
[BlackElo "1784"]
[BlackRD "105"]
[GameID "20186"]

1. d4 Nf6 2. Nc3 g6 3. e4 d6 4. Bg5 Bg7 5. Nf3 Nbd7 6. Bd3 h6 7. Bxf6 Bxf6 8. O-O e5 9. Nd5 Bg7 10. Re1 exd4
11. Nf4 Ne5 12. Nxd4 c6 13. Nf3 O-O 14. Nxe5 Bxe5 15. Ne2 Be6 16. c3 Qc7 17. Qc2 f5 18. Kh1 f4 19. f3 h5 20. Rg1 g5
21. b3 Kf7 22. Nd4 Bd7 23. Bc4+ Ke7 24. Nf5+ Bxf5 25. exf5 d5 26. Bd3 Rae8 27. Rge1 Kd8 28. Qf2 Rh8 29. h4 g4 30. Qxa7 gxf3
31. gxf3 Bxc3 32. Qa8+ Kd7 33. Rxe8 Rxe8
0-1

[Event "SR1418"]
[Site "SchemingMind.com"]
[Date "2005.07.21"]
[Round "-"]
[White "mlazar"]
[Black "Zarra"]
[Result "1/2-1/2"]
[WhiteCountry "USA"]
[BlackCountry "FIN"]
[WhiteElo "1631"]
[WhiteRD "78"]
[BlackElo "1592"]
[BlackRD "93"]
[GameID "20187"]

1. d4 Nf6 2. Nf3 d5 3. Nc3 e6 4. Bg5 c5 5. e3 h6 6. Bh4 b6 7. Bb5+ Nbd7 8. Bxd7+ Qxd7 9. Ne5 Qd8 10. Nc6 Qd7
11. Ne5 Qd8 12. O-O Bd6 13. Re1 g5 14. Bg3 h5 15. Qd2 h4 16. Nc6 Qc7 17. Nb5 Qxc6 18. Nxd6+ Kf8 19. Be5 Rh6 20. Nxc8 Rxc8
21. dxc5 bxc5 22. Qa5 Qb6 23. Qa3 Ng4 24. f4 Nxe5 25. fxe5 g4 26. Qa4 Rg6 27. g3 hxg3 28. hxg3 Qxb2 29. Qd7 Qb8 30. Rab1 Qc7
31. Rb7 Qxd7 32. Rxd7 Rb8 33. Rf1 Rg7 34. Rxa7 Rb2 35. c3 Re2 36. Ra6 Rxe3 37. Rxe6 Rxg3+ 38. Kh2 Rxc3 39. Rd6 Rh7+ 40. Kg2 Rc2+
41. Rf2 Rh2+ 42. Kxh2 Rxf2+ 43. Kg3 Rxa2 44. Rxd5 Ra4 45. Rxc5 Ke7 46. Rc7+= Ke6 47. Rc5 Re4 48. Ra5 Rxe5 49. Ra6+ Kf5 50. Ra4 Re3+
51. Kf2 Re4 52. Ra5+ Kf4 53. Ra3 Rb4 54. Ra6 Rb2+ 55. Kg1 g3 56. Rf6+ Kg4= 57. Rxf7 Rb4 58. Kg2 Rb2+ 59. Kg1 g2 60. Rg7+ Kf3
61. Rf7+ Kg3=
1/2-1/2

[Event "SR1418"]
[Site "SchemingMind.com"]
[Date "2005.07.21"]
[Round "-"]
[White "mlazar"]
[Black "flamingarrow"]
[Result "1-0"]
[WhiteCountry "USA"]
[BlackCountry "GBR"]
[WhiteElo "1682"]
[WhiteRD "78"]
[BlackElo "1694"]
[BlackRD "83"]
[GameID "20188"]

1. e4 c5 2. Nf3 d6 3. Bc4 e6 4. O-O Nf6 5. Nc3 a6 6. Re1 Qc7 7. d3 Be7 8. h3 b5 9. Bb3 Bb7 10. a3 O-O
11. Bg5 Nbd7 12. e5 dxe5 13. Qe2 Bxf3 14. Qxf3 h6 15. Bh4 Rfe8 16. Ba2 Rad8 17. Ne4 Nxe4 18. Qxe4 Bxh4 19. Qxh4 Nf6 20. Re2 Rd4
21. Qg3 Nd7 22. Rae1 a5 23. c3 Rd6 24. Re4 f5 25. Rh4 Kh8 26. Qg6 Nf6 27. a4 b4 28. Bc4 bxc3 29. bxc3 Rdd8 30. Rxh6+ gxh6
31. Qxf6+ Qg7 32. Qxg7+ Kxg7 33. Rxe5 Rc8 34. f4 Kf6 35. Kf2 Re7 36. g4 fxg4 37. hxg4 Rcc7 38. Kf3 Rc6 39. Rh5 Kg6 40. Bxe6 Kg7
41. f5 Rb6 42. Ke4 Rb1 43. g5 Re1+ 44. Kd5 hxg5 45. Rxg5+ Kh6 46. Rg6+ Kh5 47. Kxc5 Re3 48. Kd4 Re1 49. c4 Ra1 50. Rg8 Rxa4
51. Kc5 Rc7+ 52. Kd6 Ra7 53. f6 Rb4 54. f7 Rb6+ 55. Kc5 Rxe6 56. f8=Q Rc7+ 57. Kb5 Rb7+ 58. Ka4 Reb6 59. Qf3+ Kh6 60. Qh1#
1-0

[Event "SR1418"]
[Site "SchemingMind.com"]
[Date "2005.07.21"]
[Round "-"]
[White "cnbcad"]
[Black "mlazar"]
[Result "0-1"]
[WhiteCountry "USA"]
[BlackCountry "USA"]
[WhiteElo "1425"]
[WhiteRD "52"]
[BlackElo "1682"]
[BlackRD "78"]
[GameID "20189"]

1. e4 e5 2. Nf3 Nc6 3. Bc4 Bc5 4. c3 Nf6 5. b4 Bb6 6. Ng5 O-O 7. h4 h6 8. Nf3 Ng4 9. d4 exd4 10. Nxd4 Nxd4
11. cxd4 d6 12. Be2 Nf6 13. Bb2 Nxe4 14. Nc3 Nxc3 15. Bxc3 d5 16. O-O Qxh4 17. b5 Qg5 18. Bd2 Qg6 19. Bh5 Qd3 20. Rc1 Qxd4
21. Rc2 Bf5 22. Rc3 Ba5 23. Rf3 Bxd2 24. Rxf5 g6 25. Rf3 gxh5 26. Rg3+ Kh8 27. Qxh5 Rg8 28. Rf3 Qg4 29. Qe5+ Rg7 30. Rxf7 Qxg2#
0-1

[Event "SR1418"]
[Site "SchemingMind.com"]
[Date "2005.07.21"]
[Round "-"]
[White "annis"]
[Black "mlazar"]
[Result "1-0"]
[WhiteCountry "USA"]
[BlackCountry "USA"]
[WhiteElo "1761"]
[WhiteRD "123"]
[BlackElo "1512"]
[BlackRD "99"]
[GameID "20190"]

1. e4 Nf6 2. e5 Nd5 3. d4 d6 4. c4 Nb6 5. exd6 exd6 6. Nc3 Be7 7. Bd3 Bd7 8. Nge2 O-O 9. O-O Re8 10. Qc2 Nc6
11. Bxh7+ Kf8 12. b3 g6 13. Bxg6 fxg6 14. Qxg6 Bf6 15. Bh6+ Ke7 16. Qh7+
1-0

[Event "SR1418"]
[Site "SchemingMind.com"]
[Date "2005.07.21"]
[Round "-"]
[White "Zarra"]
[Black "mlazar"]
[Result "0-1"]
[WhiteCountry "FIN"]
[BlackCountry "USA"]
[WhiteElo "1534"]
[WhiteRD "124"]
[BlackElo "1682"]
[BlackRD "78"]
[GameID "20191"]

1. e4 e5 2. Nf3 Nc6 3. Bb5 d6 4. d4 Bd7 5. Nc3 a6 6. Ba4 Nf6 7. O-O Be7 8. Re1 O-O 9. dxe5 Nxe5 10. Bxd7 Qxd7
11. Bg5 Qg4 12. Nxe5 Qxd1 13. Raxd1 dxe5 14. Bxf6 Bxf6 15. Rd7 Rac8 16. Nd5 c6 17. Nxf6+ gxf6 18. Rxb7 Rb8 19. Rxb8 Rxb8 20. b3 Rd8
21. Re2 Rd1+
0-1

[Event "SR1418"]
[Site "SchemingMind.com"]
[Date "2005.07.21"]
[Round "-"]
[White "flamingarrow"]
[Black "mlazar"]
[Result "0-1"]
[WhiteCountry "GBR"]
[BlackCountry "USA"]
[WhiteElo "1694"]
[WhiteRD "83"]
[BlackElo "1682"]
[BlackRD "78"]
[GameID "20192"]

1. e4 e5 2. Nf3 Nc6 3. Bc4 Bc5 4. c3 Nf6 5. d3 O-O 6. O-O d6 7. h3 h6 8. Re1 Bd7 9. Bb3 Re8 10. Bc2 d5
11. exd5 Nxd5 12. a3 a6 13. Nbd2 Bf5 14. Ne4 Bxe4 15. dxe4 Nf6 16. Qe2 b5 17. Be3 Bxe3 18. fxe3 Na5 19. b4 Nc4 20. Bd3 Nd6
21. Qc2 Rc8 22. Rad1 c5 23. Qb1 Qb6 24. Nh4 cxb4 25. cxb4 Rc3 26. Rc1 Rxa3 27. Kf2 Qd8 28. Nf3 Rxd3 29. Qxd3 Ndxe4+ 30. Ke2 Ng3+
31. Kd2 Qxd3+ 32. Kxd3 e4+ 33. Kc3 exf3 34. gxf3 Nd5+ 35. Kb3 Nxe3 36. Rc6 Ngf5 37. Rxa6 Nd4+ 38. Kc3 Nxf3 39. Rea1 Nd5+ 40. Kd3 Nxb4+
0-1

[Event "SR1418"]
[Site "SchemingMind.com"]
[Date "2005.07.21"]
[Round "-"]
[White "dadshane2000"]
[Black "cnbcad"]
[Result "1-0"]
[WhiteCountry "USA"]
[BlackCountry "USA"]
[WhiteElo "1873"]
[WhiteRD "74"]
[BlackElo "1425"]
[BlackRD "52"]
[GameID "20199"]

1. e4 e5 2. Nf3 Nc6 3. Bc4 Be7 4. d4 Nxd4 5. Nxd4 exd4 6. Qxd4 Nf6 7. e5 Nh5 8. g4 c5 9. Qd5 O-O 10. gxh5 h6
11. Rg1 Bg5 12. Bd2 Bxd2+ 13. Qxd2 Qe7 14. Qd6 Qxd6 15. exd6 Re8+ 16. Be2 b6 17. Nc3 Ba6 18. f4 Bxe2 19. Nxe2 Re4 20. Rg2 Rae8
21. Rf2 g5 22. hxg6 fxg6 23. Kf1 Kh7 24. Rd1 a5 25. Nc3 R4e6 26. f5 gxf5 27. Rxf5 Rg8 28. Rf7+ Rg7 29. Rxg7+ Kxg7 30. Rd2 Rf6+
31. Ke2 Kf7 32. Ke3 Ke6 33. Rf2 Rxf2 34. Kxf2 Kxd6 35. Kf3 Ke5 36. Kg4 d5 37. h4 d4 38. Na4 b5 39. Nxc5 a4 40. Nd3+ Kf6
41. Kh5 Kf5 42. Kxh6 Kg4 43. h5 Kf3 44. Kg5 Ke3 45. h6 Kd2 46. Nb4
1-0

[Event "SR1418"]
[Site "SchemingMind.com"]
[Date "2005.07.21"]
[Round "-"]
[White "dadshane2000"]
[Black "mlazar"]
[Result "1/2-1/2"]
[WhiteCountry "USA"]
[BlackCountry "USA"]
[WhiteElo "1846"]
[WhiteRD "75"]
[BlackElo "1657"]
[BlackRD "79"]
[GameID "20200"]

1. e4 e5 2. Nf3 Nc6 3. Bc4 Bc5 4. c3 Nf6 5. d3 O-O 6. O-O Re8 7. Nbd2 d6 8. h3 Be6 9. b4 Bb6 10. Bxe6 Rxe6
11. Ng5 Re7 12. Nc4 Nd7 13. Be3 Bxe3 14. Nxe3 h6 15. Nf3 Nf6 16. Nh2 Re6 17. f4 exf4 18. Rxf4 d5 19. Nxd5 Nxd5 20. exd5 Qxd5
21. Qf3 Qxf3 22. Nxf3 Rae8 23. Kf1 a6 24. d4 Re3 25. Re1 Kf8 26. Rxe3 Rxe3 27. d5 Ne7 28. c4 Ke8 29. Rd4 Ra3 30. Rd2 f6
31. Nd4 Rc3 32. Rc2 Rxc2 33. Nxc2 b5 34. cxb5 axb5 35. d6 cxd6 36. Nd4 Nd5 37. a3 Nc7 38. Nf5 Kf7 39. Nxd6+ Ke6 40. Ne4 Ke5
41. Ng3 Kd5 42. Nf5 Kc4 43. Nxg7 Kb3 44. Nf5 Kxa3 45. Nxh6 Kxb4 46. Ng4 f5 47. Ne3 f4 48. Nd1 Kb3 49. Ke2 Kc2 50. h4 Ne6
51. Ke1 b4 52. Ke2 b3 53. Ke1 Ng7 54. Ke2 b2 55. Nxb2 Kxb2 56. Kf3 Kc3 57. Kxf4 Kd4 58. g4 Kd5 59. h5 Ke6 60. h6 Nh5+
61. Kg5 Nf6 62. Kg6 Nxg4 63. h7 Ne5+ 64. Kg7 Nf7 65. Kg8 Kf6 66. h8=Q+ Nxh8
1/2-1/2

[Event "SR1418"]
[Site "SchemingMind.com"]
[Date "2005.07.21"]
[Round "-"]
[White "dadshane2000"]
[Black "annis"]
[Result "1-0"]
[WhiteCountry "USA"]
[BlackCountry "USA"]
[WhiteElo "1823"]
[WhiteRD "73"]
[BlackElo "1785"]
[BlackRD "78"]
[GameID "20201"]

1. e4 Nf6 2. e5 Nd5 3. d4 d6 4. Nf3 dxe5 5. Nxe5 c6 6. Bc4 Nd7 7. Nf3 N7b6 8. Bb3 Bg4 9. O-O e6 10. c4 Nf6
11. Be3 Be7 12. Nbd2 Qc7 13. h3 O-O-O 14. hxg4 Nxg4 15. Re1 h5 16. Nf1 h4 17. N1h2 f5 18. Nxg4 fxg4 19. Ne5 g3 20. Qg4 gxf2+
21. Bxf2 g5 22. Re3 Rdf8 23. Qxe6+ Kb8 24. Qxe7 Qc8 25. Rh3 Qf5 26. Rf3 Qc8 27. Rxf8 Rxf8 28. Qxg5 h3 29. Bg3 Ka8 30. Rf1 hxg2
31. Rxf8 Qxf8 32. Kxg2 Nc8 33. Qf4 Qg7 34. Nxc6 Qxg3+ 35. Kxg3 bxc6 36. c5 a6 37. Qf8 Kb7 38. Bc4 Na7 39. Qf7+ Kb8 40. Bxa6 Nb5
41. Qb7#
1-0

[Event "SR1418"]
[Site "SchemingMind.com"]
[Date "2005.07.21"]
[Round "-"]
[White "dadshane2000"]
[Black "Zarra"]
[Result "1-0"]
[WhiteCountry "USA"]
[BlackCountry "FIN"]
[WhiteElo "1873"]
[WhiteRD "74"]
[BlackElo "1534"]
[BlackRD "124"]
[GameID "20202"]

1. e4 e5 2. Nf3 Nc6 3. Bc4 Nf6 4. Ng5 Bc5 5. Bxf7+ Ke7 6. Bb3 Rf8 7. O-O h6 8. Nf3 d6 9. h3 Nxe4 10. c3 g5
11. d4 exd4 12. cxd4 Bb6 13. Bd5 Nf6 14. Re1+
1-0

[Event "SR1418"]
[Site "SchemingMind.com"]
[Date "2005.07.21"]
[Round "-"]
[White "dadshane2000"]
[Black "flamingarrow"]
[Result "1-0"]
[WhiteCountry "USA"]
[BlackCountry "GBR"]
[WhiteElo "1873"]
[WhiteRD "74"]
[BlackElo "1694"]
[BlackRD "83"]
[GameID "20203"]

1. e4 c5 2. Nf3 d6 3. d4 cxd4 4. Nxd4 Nf6 5. Nc3 a6 6. Bg5 e6 7. f4 Be7 8. Qf3 Qc7 9. O-O-O Nbd7 10. g4 b5
11. Bxf6 Bxf6 12. a3 Bb7 13. g5 Bxd4 14. Rxd4 Rc8 15. Be2 Nc5 16. Rhd1 O-O 17. R1d2 Rfd8 18. Qg3 e5 19. fxe5 dxe5 20. Rxd8+ Rxd8
21. Rxd8+ Qxd8 22. Qxe5 Ne6 23. h4 Nd4 24. Bg4 g6 25. Nd5 Bxd5 26. Qxd4 Qa5 27. exd5 Qe1+ 28. Bd1 Qe8 29. d6 Qd8 30. d7 h5
31. gxh6
1-0

[Event "SR1418"]
[Site "SchemingMind.com"]
[Date "2005.07.21"]
[Round "-"]
[White "cnbcad"]
[Black "dadshane2000"]
[Result "0-1"]
[WhiteCountry "USA"]
[BlackCountry "USA"]
[WhiteElo "1425"]
[WhiteRD "52"]
[BlackElo "1873"]
[BlackRD "74"]
[GameID "20204"]

1. e4 e5 2. Nf3 Nc6 3. Bc4 Nf6 4. Ng5 d5 5. exd5 Na5 6. Bb5+ c6 7. dxc6 bxc6 8. Ba4 h6 9. Nxf7 Kxf7 10. O-O Bd6
11. c3 Qc7 12. b4 Nb7 13. Bb3+ Be6 14. Bxe6+ Kxe6 15. Re1 Kd7 16. Qf3 Rae8 17. d3 Rhf8 18. Qf5+ Kd8 19. Bd2 e4 20. dxe4 Bxh2+
21. Kf1 Nxe4 22. Bg5+ hxg5 23. Rd1+ Nbd6 24. Qh3 Rxf2+ 25. Ke1 Bg3 26. Nd2 Nxd2+
0-1

[Event "SR1418"]
[Site "SchemingMind.com"]
[Date "2005.07.21"]
[Round "-"]
[White "mlazar"]
[Black "dadshane2000"]
[Result "0-1"]
[WhiteCountry "USA"]
[BlackCountry "USA"]
[WhiteElo "1512"]
[WhiteRD "99"]
[BlackElo "1800"]
[BlackRD "81"]
[GameID "20205"]

1. e4 e5 2. Nf3 Nc6 3. Bc4 Nf6 4. d3 Bc5 5. O-O d6 6. Ng5 O-O 7. Nc3 h6 8. Nf3 Bg4 9. Bd2 Nd4 10. h3 Nxf3+
11. gxf3 Bxh3 12. Re1 Nh5 13. Ne2 Qh4 14. d4 exd4 15. c3 dxc3 16. Ng3 Qxg3+
0-1

[Event "SR1418"]
[Site "SchemingMind.com"]
[Date "2005.07.21"]
[Round "-"]
[White "annis"]
[Black "dadshane2000"]
[Result "0-1"]
[WhiteCountry "USA"]
[BlackCountry "USA"]
[WhiteElo "1764"]
[WhiteRD "76"]
[BlackElo "1821"]
[BlackRD "78"]
[GameID "20206"]

1. e4 e5 2. Bc4 Nf6 3. d3 c6 4. Nf3 d6 5. O-O Be7 6. Re1 Nbd7 7. a3 Nf8 8. Nc3 Ne6 9. d4 exd4 10. Nxd4 d5
11. exd5 Nxd5 12. Nxd5 cxd5 13. Ba2 O-O 14. b4 Nxd4 15. Bb2 Nf5 16. Qf3 Bf6 17. c3 Qb6 18. g3 Ne7 19. Rad1 Be6 20. Bb1 h6
21. Kg2 d4 22. cxd4 Bd5 23. Be4 Bxe4 24. Qxe4 Rfe8 25. Bc1 Qb5 26. d5 Rad8 27. d6 Nf5 28. Qg4 Rxe1 29. Rxe1 Qd5+ 30. Kg1 Rxd6
31. Bf4 Re6 32. Rxe6 Qxe6 33. Qf3 Qe1+ 34. Kg2 Qe7 35. Be3 Nxe3+ 36. Qxe3 Qxe3 37. fxe3 b5 38. Kf3 Bb2 39. Ke4 Bxa3 40. Kd5 Bxb4
41. Kc6 f5 42. Kxb5 Bd2 43. Kc4 Bxe3 44. Kd3 f4 45. Ke2 fxg3 46. hxg3 Bg5 47. g4 Kf7 48. Kd3 Ke6 49. Kc4 g6 50. Kd3 Kd5
51. Kc3 Ke4 52. Kc4 h5
0-1

[Event "SR1418"]
[Site "SchemingMind.com"]
[Date "2005.07.21"]
[Round "-"]
[White "Zarra"]
[Black "dadshane2000"]
[Result "0-1"]
[WhiteCountry "FIN"]
[BlackCountry "USA"]
[WhiteElo "1523"]
[WhiteRD "96"]
[BlackElo "1846"]
[BlackRD "75"]
[GameID "20207"]

1. e4 e5 2. Nf3 Nc6 3. Bb5 a6 4. Ba4 Nf6 5. O-O Nxe4 6. d4 b5 7. Bb3 d5 8. dxe5 Be6 9. Nbd2 Nc5 10. c3 Be7
11. Bc2 d4 12. cxd4 Nxd4 13. Nxd4 Qxd4 14. Nf3 Qxd1 15. Rxd1 O-O 16. Ng5 h6 17. Nxe6 Nxe6 18. a4 c5 19. Rd7 Bg5 20. Bxg5 hxg5
21. Rad1 Rfd8 22. Bf5 Nd4 23. Rxd8+ Rxd8 24. Kf1 Rb8 25. Bh3 bxa4 26. Rc1 Rxb2 27. g3 Rb5 28. Ra1 Ra5 29. Bg2 a3 30. Bd5 Nc2
31. Rc1 a2
0-1